Statistics for 6-Letter Word Chain Game #2

Click here to take the quiz!

General Stats

  • This quiz has been taken 11,946 times
  • The average score is 17 of 24

Answer Stats

Hint Answer % Correct
Iguana or chameleon, for exampleLizard
94%
Southern neighbor of the U.S.Mexico
93%
Brand that makes N°5 perfumeChanel
91%
Notable white rapperEminem
89%
Italy's largest islandSicily
84%
8th element of the Periodic TableOxygen
84%
Place to see Trafalgar SquareLondon
82%
Short and stout with a handle and a spoutTeapot
81%
The 12 astrological signsZodiac
81%
Leader of the HunsAttila
77%
Calculator alternative that uses beadsAbacus
75%
Giza statue that is missing its noseSphinx
72%
Unit of gold or chickenNugget
70%
He spent a night in the lion's denDaniel
67%
Spain's peninsulaIberia
65%
Best-selling video game of all-timeTetris
64%
Amethyst is a purple variety of thisQuartz
62%
Babe Ruth or Joe Dimaggio, e.g.Yankee
62%
Major U.S. stock market indexNasdaq
61%
One of the official languages of the UNArabic
57%
Country on Lake VictoriaUganda
56%
Atoll where nuclear weapons were testedBikini
51%
Type of angelCherub
51%
Home of Kublai Khan or Citizen KaneXanadu
42%

Score Distribution

Percentile by Number Answered

Percent of People with Each Score

Your Score History

You have not taken this quiz